Statistics for Louis Tomlinson - Chicago (Lyrics)

Click here to take the quiz!

General Stats

  • This quiz has been taken 299 times
    (282 since last reset)
  • The average score is 274 of 314

Answer Stats

Answer% Correct
I
100%
a
99%
you
99%
You
99%
baby,
97%
baby
97%
did
97%
your
97%
call
96%
Chicago,
96%
in
96%
lonely
96%
me
96%
me?
96%
me,
96%
still
96%
we
96%
be
95%
can
95%
if
95%
like
95%
the
95%
to
95%
it
94%
It
94%
didn't
93%
didn't
93%
my
93%
So,
93%
it's
92%
it's
92%
just
92%
Just
92%
mean
92%
that
92%
And
91%
and
91%
because
91%
doesn't
91%
had
91%
he
91%
of
91%
work
91%
'Cause
90%
'cause
90%
for
90%
Is
90%
is
90%
you're
90%
Have
89%
have
89%
names
89%
know
87%
meant
87%
number
87%
any
86%
don't
86%
I'm
86%
meaningless
86%
been
85%
Has
85%
liked?
85%
wasn't
85%
forgive
84%
say
84%
Use
84%
on
83%
saw
83%
long
82%
mum
81%
sorry
81%
brother
80%
enough
80%
out
80%
search
80%
fights?
79%
doing
78%
getting
78%
mine?
78%
myself
78%
They
78%
bet
76%
okay?
76%
time
76%
bitter
75%
wear
75%
yours
75%
sweet
74%
true
74%
ends
72%
jumper
70%
brought
69%
turn
69%
how
67%
feel
66%
remember
66%
what
65%
I've
64%
going?
63%
think
63%
better
62%
I'd
62%
I'll
62%
seen
62%
always
61%
wondering
58%
you'd
58%
life's
57%
away?
56%
keep
56%
much
56%
Would
56%
would
56%
grateful
55%
Or
55%
walk
55%
made
54%
told
54%
No,
52%
sometimes
52%

Score Distribution

Percentile by Number Answered

Percent of People with Each Score

Your Score History

You have not taken this quiz since the last reset